RECENT advances in astro-geophysics a to physical symposium based, at the Summer conference for college professors of physics and astronomy.
Guardado en:
| Formato: | Libro |
|---|---|
| Idioma: | English |
| Publicado: |
Washington :
The national science foundations,
1960.
|
| Materias: | |
| Etiquetas: |
Agregar Etiqueta
Sin Etiquetas, Sea el primero en etiquetar este registro!
|
| LEADER | 00533nam a22001455a 4500 | ||
|---|---|---|---|
| 001 | EUN.um023660 | ||
| 003 | AR-BaUNS | ||
| 005 | 20050623122902.0 | ||
| 008 | 041125s1960####xxu###########000#0#eng#d | ||
| 245 | 0 | 0 | |a RECENT advances in astro-geophysics a to physical symposium based, at the Summer conference for college professors of physics and astronomy. |
| 260 | |a Washington : |b The national science foundations, |c 1960. | ||
| 300 | |a 80 p. | ||
| 082 | 0 | 4 | |a 526.7 |
| 653 | |a Astro-geophysics | ||
| 859 | |a Ar-BaUNS |b BIB. CENTRAL - Sector C |h 526.7 |i R243 |p 47676/968 | ||
